Importance of maintaining adequate records for prolongation claims (Record no. 117484)
[ view plain ]
| 000 -LEADER | |
|---|---|
| fixed length control field | 01018cam a2200205 4500 |
| 001 - CONTROL NUMBER | |
| control field | X126425 |
| 008 - FIXED-LENGTH DATA ELEMENTS--GENERAL INFORMATION | |
| fixed length control field | 040604n2004 000 0 eng u |
| 035 ## - SYSTEM CONTROL NUMBER | |
| System control number | (Sirsi) u126425 |
| 100 ## - MAIN ENTRY--PERSONAL NAME | |
| Personal name | Ingram, P. |
| 245 ## - TITLE STATEMENT | |
| Title | Importance of maintaining adequate records for prolongation claims |
| 260 ## - PUBLICATION, DISTRIBUTION, ETC. | |
| Date of publication, distribution, etc. | 2004 |
| 490 ## - SERIES STATEMENT | |
| Series statement | Surveyors' Times [Hong Kong Institute of Surveyors] |
| Volume/sequential designation | 13(4) April 2004, 24-25(2) |
| 520 ## - SUMMARY, ETC. | |
| Summary, etc. | Stresses the importance of keeping accurate records on performance and cost, especially to support and prove financial claims in the construction industry. Efficient use of cost codes should be particularly comprehensive to enable specific information to be extracted quickly and simply. Concludes this early organisation can help avoidance of future problems. Suggests poor records can mean it is difficult to justify why work is delayed. |
| 590 ## - LOCAL NOTE (RLIN) | |
| Local note | ABS |
| 590 ## - LOCAL NOTE (RLIN) | |
| Local note | ABS |
| 650 ## - SUBJECT ADDED ENTRY--TOPICAL TERM | |
| Topical term or geographic name entry element | RECORD KEEPING |
| 650 ## - SUBJECT ADDED ENTRY--TOPICAL TERM | |
| Topical term or geographic name entry element | ADMINISTRATION |
| 690 ## - LOCAL SUBJECT ADDED ENTRY--TOPICAL TERM (OCLC, RLIN) | |
| Topical term or geographic name as entry element | BUILDING AND CONSTRUCTION-MANAGEMENT |
| 942 ## - ADDED ENTRY ELEMENTS (KOHA) | |
| Suppress in OPAC | 0 |
| Withdrawn status | Lost status | Source of classification or shelving scheme | Damaged status | Not for loan | Home library | Current library | Shelving location | Date acquired | Total Checkouts | Full call number | Barcode | Date last seen | Copy number | Price effective from | Koha item type |
|---|---|---|---|---|---|---|---|---|---|---|---|---|---|---|---|
| Dewey Decimal Classification | London | London | Journal article | 04/06/2004 | X126425 | 126425-1001 | 06/08/2019 | 1 | 06/08/2019 | Journal article |